| 000 | 00512nmm a2200169Ia 4500 | ||
|---|---|---|---|
| 008 | 251105s9999||||xx |||||||||||||||||und|| | ||
| 020 | _a9788475226491 | ||
| 041 | _aspa | ||
| 100 | _aCaballero Bonald, José Manuel | ||
| 245 | 0 |
_aPoesía amatoria : _b Nueva edición aumentada 1951 - 2005 |
|
| 264 |
_a[Madrid, España] : _bVisor Libros, _c2007 |
||
| 300 | _a274 páginas | ||
| 490 | _aVisor de Poesía | ||
| 650 | _aSpanish poetry | ||
| 856 | _uhttps://public.digitaliapublishing.com/a/41093 | ||
| 942 | _cCF | ||
| 999 |
_c84987 _d84987 |
||